000
00226nam a2200097Ia 4500
008
190216s9999||||xx |||||||||||||| ||und||
100
_a
Gupta
245
0
_a
General
260
_b
Sahithya Pravarthaka Sahakarana Sangam
942
_c
BK
999
_c
3816
_d
3816